Statistieken voor Landen van Europa door eerste 2 letteren

Klik hier om de quiz te nemen!

Algemene statistieken

  • Deze quiz is 949 keer genomen
  • De gemiddelde score is 32 van 45

Antwoorden op de kaart

Antwoorden kleurgecodeerd door een groen-rode schaal op de quizkaart volgens % correct hieronder.
 

Antwoordstatistieken

land% Correct
België
96%
Nederland
96%
Zweden
96%
Zwitserland
96%
Frankrijk
95%
Duitsland
94%
Polen
94%
Portugal
94%
Noord-Macedonië
93%
Noorwegen
93%
Spanje
92%
Ierland
90%
Verenigd
Koninkrijk
90%
Finland
89%
Italië
87%
Rusland
85%
Liechtenstein
84%
Litouwen
84%
IJsland
81%
Denemarken
80%
Letland
78%
Estland
77%
Luxemburg
73%
Oekraïne
70%
Griekenland
69%
Moldavië
69%
Monaco
69%
Montenegro
69%
Oostenrijk
60%
Wit-Rusland
59%
Andorra
57%
Roemenië
56%
Slovenië
56%
Slowakije
56%
Bulgarije
52%
Tsjechië
52%
Malta
51%
San Marino
50%
Kroatië
48%
Vaticaanstad
48%
Hongarije
47%
Servië
43%
Bosnië en
Herzegovina
42%
Albanië
41%
Kosovo
32%

Scoreverdeling

Percentiel versus Aantal Correcte Antwoorden

Procent van Mensen met Elke Score

Uw Scoregeschiedenis

U heeft deze quiz nog niet genomen